Net and the platform/ (Record no. 491)
[ view plain ]
| 000 -LEADER | |
|---|---|
| fixed length control field | 00591nac a22001811u 4500 |
| 008 - FIXED-LENGTH DATA ELEMENTS--GENERAL INFORMATION | |
| fixed length control field | 100906s2005 i |||||r|||| 001 0 eng d |
| 020 ## - INTERNATIONAL STANDARD BOOK NUMBER | |
| International Standard Book Number | 1893115321 |
| 082 00 - DEWEY DECIMAL CLASSIFICATION NUMBER | |
| Classification number | 005.133 |
| Item number | TRO |
| Edition number | 22 |
| 100 ## - MAIN ENTRY--PERSONAL NAME | |
| Personal name | Troelsen, Andrew |
| 9 (RLIN) | 18403 |
| 245 10 - TITLE STATEMENT | |
| Title | Net and the platform/ |
| Statement of responsibility, etc | Andrew Troelsen; Foreward by Eric Gunnerson |
| 260 ## - PUBLICATION, DISTRIBUTION, ETC. (IMPRINT) | |
| Place of publication, distribution, etc | India : |
| Name of publisher, distributor, etc | Thomson Press Ltd.; |
| Date of publication, distribution, etc | [c2005]. |
| 300 ## - PHYSICAL DESCRIPTION | |
| Extent | 970 p. : |
| Other physical details | ill. ; |
| Dimensions | 23 cm. |
| 500 ## - GENERAL NOTE | |
| General note | Includes index. |
| 500 ## - GENERAL NOTE | |
| General note | Based on Beta 2 |
| 650 #0 - SUBJECT ADDED ENTRY--TOPICAL TERM | |
| Topical term or geographic name as entry element | (Computer program language) |
| -- | C |
| 9 (RLIN) | 18404 |
| 650 #0 - SUBJECT ADDED ENTRY--TOPICAL TERM | |
| Topical term or geographic name as entry element | Microsoft .NET. |
| 9 (RLIN) | 18405 |
| 942 ## - ADDED ENTRY ELEMENTS (KOHA) | |
| Item type | Book - Borrowing |
| Call number prefix | 005.133 TRO |
| Source of classification or shelving scheme | Dewey Decimal Classification |
| Withdrawn status | Item status | Source of classification or shelving scheme | Damaged status | Not for loan | Vendor | Home library | Current library | Shelving location | Date acquired | Source of acquisition | Cost, normal purchase price | Total Checkouts | Full call number | Barcode | Date last seen | Cost, replacement price | Koha item type |
|---|---|---|---|---|---|---|---|---|---|---|---|---|---|---|---|---|---|
| Dewey Decimal Classification | Central Library | Central Library | Lower Floor | 29/06/2006 | 136.00 | 005.133 TRO | 000004133 | 15/07/2025 | 170.00 | Book - Borrowing |